I believe in the resurrection of Jesus. (Record no. 7596)

000 -LEADER
fixed length control field 00767nam a2200217 a 4500
001 - CONTROL NUMBER
control field :::00005357$&:&@@
003 - CONTROL NUMBER IDENTIFIER
control field OkBaRHE
005 - DATE AND TIME OF LATEST TRANSACTION
control field 20000607103325.0
008 - FIXED-LENGTH DATA ELEMENTS--GENERAL INFORMATION
fixed length control field s1975 j 000 0 eng u
040 ## - CATALOGING SOURCE
Transcribing agency
100 1# - MAIN ENTRY--PERSONAL NAME
Personal name Ladd, George Eldon, 1911-
245 10 - TITLE STATEMENT
Title I believe in the resurrection of Jesus.
260 ## - PUBLICATION, DISTRIBUTION, ETC. (IMPRINT)
Place of publication, distribution, etc Grand Rapids, MI., :
Name of publisher, distributor, etc William B. Eerdmans Publishing Co.
Date of publication, distribution, etc c1975
300 ## - PHYSICAL DESCRIPTION
Extent 156 p. ;
Dimensions 21 cm.
490 0# - SERIES STATEMENT
Series statement I believe ; no. 2.
650 ## - SUBJECT ADDED ENTRY--TOPICAL TERM
Topical term or geographic name as entry element Jesus Christ
General subdivision Resurrection
650 ## - SUBJECT ADDED ENTRY--TOPICAL TERM
Topical term or geographic name as entry element Resurrection
General subdivision Biblical Teaching
942 ## - ADDED ENTRY ELEMENTS (KOHA)
Source of classification or shelving scheme
Koha item type Books
Copies
Barcode Source of classification or shelving scheme Withdrawn status Damaged status Price effective from Not for loan Lost status Date last seen Copy number Full call number Date acquired Permanent Location Koha item type Shelving location
5357   2010-04-14  2010-04-141BT 481 .L252010-04-14RHEMA Bible Training CollegeBooksGeneral Stacks
20615   2010-04-14  2010-04-142BT 481 .L252010-04-14RHEMA Bible Training CollegeBooksGeneral Stacks